00744cam a2200217 i 4500999001900000001000900019005001700028008004100045020004300086040001300129082002400142100002000166245008300186250001200269260003600281300004800317650001500365650002800380942000700408952011100415 c113475d1134751784527320190806091604.0130807s2014 paua b 001 0 eng  a9780323221481 (hardcover : alk. paper) cPK-LaUMT00a616.0754223bSWA-T1 aSwartz, Mark H.10aTextbook of physical diagnosis :bhistory and examination /cby Mark H. Swartz a7th ed. aPhiladelphia :bElsevier,c2014 axxi, 825 p. :bcolor illustrations ;c29 cm12aDiagnosis.22aMedical History Taking. cBK 00104070a01b01d2019-08-06l1o616.0754 SWA-Tp131118r2024-01-01 00:00:00s2019-08-07w2019-08-06yBK